00840nam a22001937a 450000500170000000800410001702000180005804000070007604100080008308200200009110000210011124500120013226000340014430000240017836500590020252103290026165000290059065000270061920260202144908.0250108b ||||| |||| 00| 0 eng d a9780593300282 cAL aeng 223a813.6bMOSL aOttessa Moshfegh aLapvona aNew YorkbPenguin Booksc2023 a304p.bPBc20x12cm. 2EnglishaIN-181053b960.00c₹d960.00e-f17-12-2024 aWelcome to Lapvona. In a village in a medieval fiefdom buffeted by natural disasters, a motherless shepherd boy finds himself at the centre of a power struggle that puts all manner of faith to a savage test . . . Discover the Sunday Times bestselling novel from the author of TikTok sensation My Year of Rest and Relaxation. aAmerican English Fiction aAmerican English Novel